Normal view
MARC view
- Accounting
Entry Topical Term
001 - CONTROL NUMBER
- control field: 4527
003 - CONTROL NUMBER IDENTIFIER
- control field: OSt
005 - DATE AND TIME OF LATEST TRANSACTION
- control field: 20220301115550.0
008 - FIXED-LENGTH DATA ELEMENTS
- fixed length control field: 220301|| aca||aabn | a|a d
040 ## - CATALOGING SOURCE
- Original cataloging agency: OSt
- Transcribing agency: OSt
150 ## - HEADING--TOPICAL TERM
- Topical term or geographic name entry element: Accounting
670 ## - SOURCE DATA FOUND
- Source citation: Work cat.: (OSt)1202: Md . Mainuddin Khan , Advanced accounting (Vol-1-2 ), 2000
